Control de vehículos de carga y su utilización en el diseño de pavimentos
Gespeichert in:
| 1. Verfasser: | |
|---|---|
| Format: | Unbekannt |
| Veröffentlicht: |
[San José, Costa Rica]
1975
|
| Schlagworte: | |
| Tags: |
Tag hinzufügen
Keine Tags, Fügen Sie den ersten Tag hinzu!
|
MARC
| LEADER | 00000 a2200000 4500 | ||
|---|---|---|---|
| 003 | 011511 | ||
| 005 | 20221231143822.0 | ||
| 008 | 140114s1975 c a m 000 ||s d | ||
| 040 | |c cru CEDI | ||
| 090 | |a TFG 593 | ||
| 100 | |a Monge Montero, Héctor G. |9 16818 | ||
| 245 | |a Control de vehículos de carga y su utilización en el diseño de pavimentos | ||
| 260 | |c 1975 |a [San José, Costa Rica] | ||
| 300 | |a 57 hojas : cuadros, gráficos, tablas | ||
| 500 | |a Tesis (Ingeniero Civil) Universidad de Costa Rica. | ||
| 650 | |x PAVIMENTOS |9 16819 | ||
| 942 | |c TFG | ||
| 999 | |c 12464 |d 12464 | ||
